000 00296 a2200145 4500
001 155915
040 _cEscola São Tomás de Aquino
100 _aBRANCO, Samuel Murgel
240 1 0 _aÁgua
_lpor
245 1 0 _aÁgua
300 _a71
362 0 _a2000
697 _aCIÊNCIAS
942 _cBK
999 _c155915
_d155915